Types of Pizza - Statistics

General Stats
  • This quiz has been taken 592 times
    584 since last reset
  • The average score is 7 of 10
Answer Stats
Pizza Topping % Correct
Green Peppers
95%
Extra Cheese
93%
Pepperoni
88%
Pineapple
75%
Onions
74%
Mushrooms
71%
Black Olives
70%
Sausage
65%
Bacon
60%
Spinach
21%
No matching quizzes found
Score Distribution
Percent of People with Each Score
Percentile by Number Answered
Your Score History
You have not taken this quiz since the last reset